[Event "Memorial Perezzani torneo A"]
[Site "?"]
[Date "2018.04.13"]
[Round "1.5"]
[White "Valtemara, Mattia Angelo"]
[Black "Mastroddi, Emiliano"]
[Result "0-1"]
[WhiteElo "1896"]
[BlackElo "1996"]
[PlyCount "120"]
[EventDate "2018.??.??"]

1. e4 c5 2. Nf3 d6 3. d4 cxd4 4. Nxd4 Nf6 5. Nc3 g6 6. Be3 Bg7 7. f3 Nc6 8. Qd2
O-O 9. g4 Nxd4 10. Bxd4 Be6 11. h4 Qa5 12. h5 Rfc8 13. hxg6 fxg6 14. Bd3 Qb4
15. Bxf6 Bxf6 16. Nd1 Qxd2+ 17. Kxd2 Rc6 18. c3 d5 19. exd5 Bxd5 20. Rh3 Bg5+
21. Ke2 Re6+ 22. Kf2 Rf8 23. c4 Bc6 24. Nc3 Bxf3 25. Rxf3 Rxf3+ 26. Kxf3 Re3+
27. Kf2 Rxd3 28. Rd1 Be3+ 29. Ke2 Rxd1 30. Kxd1 h5 31. gxh5 gxh5 32. Nd5 Bg5
33. Ke2 Kf7 34. Kf3 e6 35. Nc3 a6 36. Ne4 Be7 37. Kf4 h4 38. Kg4 Kg6 39. b3 h3
40. Kxh3 Kf5 41. Nd2 Kf4 42. Kg2 Ke3 43. Nf3 Bf6 44. Kg3 e5 45. Ng1 e4 46. Kg2
Kd2 47. Kf1 Bd4 48. Ne2 Bc5 49. Ng3 e3 50. Ne4+ Kd1 51. Nc3+ Kc2 52. Ne4 Bd4
53. Ke2 a5 54. Nd6 b6 55. Nf5 Bc5 56. Nxe3+ Kb2 57. Nd1+ Kxa2 58. Kd3 Kxb3 59.
Kd2 a4 60. Kc1 Bd4 0-1

[Event "Memorial Perezzani torneo A"]
[Site "?"]
[Date "2018.04.13"]
[Round "1.6"]
[White "Marin, Alessandro"]
[Black "Ferrara, Pietro"]
[Result "1/2-1/2"]
[WhiteElo "1993"]
[BlackElo "1886"]
[PlyCount "61"]
[EventDate "2018.??.??"]

1. e4 e5 2. Nf3 Nc6 3. d4 exd4 4. Nxd4 Bc5 5. Nxc6 bxc6 6. Nc3 d6 7. Bd3 Ne7 8.
O-O O-O 9. Na4 Bd4 10. Bg5 f6 11. Bh4 Be6 12. c3 Bb6 13. Nxb6 cxb6 14. f4 Ng6
15. Bg3 f5 16. Qc2 Qd7 17. Rad1 Rad8 18. Rd2 fxe4 19. Bxe4 Bf5 20. Re1 d5 21.
Qd1 Bg4 22. Bf3 Bxf3 23. Qxf3 Qf5 24. Rde2 Nxf4 25. Bxf4 Qxf4 26. Qxf4 Rxf4 27.
Re7 Rf7 28. Re8+ Rxe8 29. Rxe8+ Rf8 30. Re7 Rf7 31. Re8+ 1/2-1/2

[Event "Memorial Perezzani torneo A"]
[Site "?"]
[Date "2018.04.13"]
[Round "1.7"]
[White "Litrico, Paolo"]
[Black "Bordignon, Angelo"]
[Result "1-0"]
[WhiteElo "1880"]
[BlackElo "1992"]
[PlyCount "65"]
[EventDate "2018.??.??"]

1. d4 g6 2. e4 Bg7 3. Nf3 d6 4. Nc3 a6 5. Be3 Nd7 6. Bc4 e6 7. Qd2 h6 8. Rd1
Ne7 9. O-O b6 10. Qe2 Bb7 11. Bf4 g5 12. Bg3 Ng6 13. Ne1 h5 14. f3 b5 15. Bb3
Qe7 16. Bf2 c5 17. dxc5 Nxc5 18. Nd3 Nxb3 19. axb3 Rc8 20. Be3 Bxc3 21. bxc3 e5
22. Qd2 f6 23. Bb6 Qd7 24. Ba5 Qc6 25. Kh1 Ke7 26. Qe2 h4 27. Rd2 Kf7 28. Rfd1
h3 29. g3 g4 30. Nf2 gxf3 31. Qxf3 Qe8 32. Rxd6 Nf4 33. gxf4 1-0

[Event "Memorial Perezzani torneo A"]
[Site "?"]
[Date "2018.04.13"]
[Round "1.9"]
[White "Dalla Vecchia, Paolo"]
[Black "Oppici, Gabriele"]
[Result "0-1"]
[WhiteElo "1890"]
[BlackElo "1955"]
[PlyCount "76"]
[EventDate "2018.??.??"]

1. d4 d6 2. c4 Nf6 3. Nc3 g6 4. e4 Bg7 5. f3 Nbd7 6. Bd3 e5 7. d5 O-O 8. Nge2
Nh5 9. O-O f5 10. exf5 gxf5 11. Be3 Ndf6 12. Bg5 h6 13. Bh4 Qe8 14. Qc2 Qd7 15.
Kh1 Kh8 16. Rad1 Ne8 17. Qd2 f4 18. Bb1 Bf6 19. Bf2 Rg8 20. Qd3 Bg5 21. Ne4
Nef6 22. N4c3 Qg7 23. Rg1 Nd7 24. b4 Nf8 25. g3 fxg3 26. Bxg3 Qe7 27. Rg2 Qf7
28. Ne4 Bh3 29. Rgg1 Ng6 30. Nxg5 hxg5 31. Qe4 Raf8 32. Rd3 Bf5 33. Qe3 Bxd3
34. Qxd3 Qxf3+ 35. Qxf3 Rxf3 36. Be1 Ngf4 37. Nc3 Nh3 38. Rg4 Rxc3 0-1

[Event "Memorial Perezzani torneo A"]
[Site "?"]
[Date "2018.04.13"]
[Round "1.10"]
[White "Malni, Riccardo"]
[Black "Peloni, Davide"]
[Result "1-0"]
[WhiteElo "1945"]
[BlackElo "1843"]
[PlyCount "127"]
[EventDate "2018.??.??"]

1. Nf3 d5 2. g3 Nf6 3. Bg2 c5 4. O-O Nc6 5. d3 Bf5 6. Nh4 Bg4 7. h3 Bh5 8. c3
e6 9. Qe1 Ne5 10. f4 Nc6 11. e4 Be7 12. e5 Nd7 13. Nf3 Bg6 14. Qd1 Qb6 15. Kh1
Rc8 16. b3 Qa6 17. c4 d4 18. Na3 Qb6 19. Qe2 Nb4 20. Ne1 a6 21. g4 h6 22. f5
Bh7 23. fxe6 Qxe6 24. Bf4 b6 25. Nac2 Nxc2 26. Nxc2 Bf6 27. Bd5 Qe7 28. Rae1
Bh4 29. Rd1 Bf6 30. Bg3 O-O 31. Rde1 Rce8 32. e6 fxe6 33. Qxe6+ Qxe6 34. Bxe6+
Kh8 35. Bxd7 Rxe1 36. Nxe1 Rf7 37. Bc6 Re7 38. Bf3 Bg5 39. Bd5 Bf6 40. Ng2 Bxd3
41. Re1 Rxe1+ 42. Nxe1 Bb1 43. Bf4 Bxa2 44. Kg2 Bxb3 45. Nd3 Be7 46. Nc1 Bc2
47. Kf3 b5 48. Ke2 b4 49. Nd3 g5 50. Bc7 Kg7 51. Bb7 Kf6 52. Bxa6 Ke6 53. Bc8+
Kf6 54. Bb6 Bxd3+ 55. Kxd3 Bd6 56. Bf5 Ke5 57. Bd8 Kf4 58. Bf6 Bf8 59. Ke2 Kg3
60. Be5+ Kxh3 61. Kf3 h5 62. gxh5+ Kh4 63. Bg4 b3 64. Bg3# 1-0

[Event "Memorial Perezzani torneo A"]
[Site "?"]
[Date "2018.04.13"]
[Round "1.11"]
[White "Pieropan, Giorgio"]
[Black "Goldoni, Claudio"]
[Result "1/2-1/2"]
[WhiteElo "1839"]
[BlackElo "1943"]
[PlyCount "97"]
[EventDate "2018.??.??"]

1. e4 e5 2. Nf3 Nc6 3. d4 exd4 4. Bc4 Bc5 5. c3 Nf6 6. O-O d6 7. cxd4 Bb6 8.
Bg5 Bg4 9. d5 Nd4 10. Nbd2 O-O 11. h3 Bh5 12. g4 Bg6 13. Nh4 h6 14. Nxg6 fxg6
15. Be3 Nd7 16. Kg2 Ne5 17. Bxd4 Bxd4 18. f4 Nxc4 19. Nxc4 Bf6 20. e5 b5 21.
exf6 bxc4 22. fxg7 Re8 23. Qd4 Qh4 24. Rf2 Re7 25. Raf1 Rae8 26. Qxc4 Re3 27.
Rf3 Re2+ 28. R1f2 Rxf2+ 29. Rxf2 Re3 30. Rf3 Rxf3 31. Kxf3 Qxh3+ 32. Ke4 Qg2+
33. Ke3 Qg3+ 34. Kd2 Qxg4 35. Qxc7 Qxf4+ 36. Kd3 Qf5+ 37. Kd4 Qe5+ 38. Kc4 h5
39. Qxa7 Qxb2 40. Qe7 Qxa2+ 41. Kb4 Qb2+ 42. Ka5 Qb8 43. Qf6 Qc7+ 44. Kb5 Qb7+
45. Kc4 Qa6+ 46. Kb4 Qb6+ 47. Kc4 Qc7+ 48. Kb4 Qb6+ 49. Ka4 1/2-1/2

[Event "Memorial Perezzani torneo A"]
[Site "?"]
[Date "2018.04.14"]
[Round "2.5"]
[White "Pasin, Mattia"]
[Black "Marin, Alessandro"]
[Result "1-0"]
[WhiteElo "1790"]
[BlackElo "1993"]
[PlyCount "97"]
[EventDate "2018.??.??"]

1. d4 d5 2. c4 dxc4 3. e3 c5 4. Bxc4 e6 5. d5 a6 6. a4 Nf6 7. Nc3 exd5 8. Nxd5
Nc6 9. Ne2 Ne5 10. Ba2 Qa5+ 11. Nec3 Be7 12. Nxe7 Kxe7 13. O-O Rd8 14. Bd2 Qb6
15. Qc2 h5 16. e4 Qc7 17. f4 Nd3 18. e5 Ng4 19. Nd5+ Rxd5 20. Bxd5 c4 21. g3
Qc5+ 22. Kg2 Qxd5+ 23. Kg1 Qd4+ 24. Kg2 Bf5 25. Rad1 Be4+ 26. Kh3 Ngf2+ 27. Kh4
Qd7 28. Bb4+ Ke8 29. Qe2 Qh3+ 30. Kg5 f6+ 31. exf6 gxf6+ 32. Kh6 Qf5 33. Qxh5+
Qxh5+ 34. Kxh5 Bf3+ 35. Kg6 Bxd1 36. Be1 Ng4 37. Bc3 Bxa4 38. h3 Ne3 39. Ra1 b5
40. Kxf6 Nd5+ 41. Kg7 Ra7+ 42. Kg8 Nxc3 43. bxc3 Re7 44. f5 Re3 45. g4 Ne5 46.
f6 Nf7 47. h4 Nh6+ 48. Kg7 Nf7 49. g5 1-0

[Event "Memorial Perezzani torneo A"]
[Site "?"]
[Date "2018.04.14"]
[Round "2.7"]
[White "Goldoni, Claudio"]
[Black "Scarsella, Lorenzo Luigi"]
[Result "0-1"]
[WhiteElo "1943"]
[BlackElo "1878"]
[PlyCount "102"]
[EventDate "2018.??.??"]

1. e4 d6 2. d4 Nf6 3. Nc3 g6 4. Nf3 Bg7 5. Bg5 c6 6. Qd2 O-O 7. Bh6 Nbd7 8.
Bxg7 Kxg7 9. Be2 e5 10. O-O-O Re8 11. dxe5 dxe5 12. h3 Qe7 13. g4 Nc5 14. Qe3
a5 15. Rdg1 b5 16. Nd2 Ba6 17. Bf3 Rad8 18. Ne2 b4 19. Ng3 Kh8 20. h4 Ne6 21.
g5 Nd7 22. Bg4 Qc5 23. Qxc5 Ndxc5 24. Nf3 Nf4 25. h5 Kg8 26. Rd1 Ne2+ 27. Nxe2
Bxe2 28. Rxd8 Rxd8 29. Nxe5 Bxg4 30. Nxg4 Nxe4 31. hxg6 hxg6 32. f4 Rd4 33. Rh3
Kg7 34. c3 bxc3 35. bxc3 Nxg5 36. cxd4 Nxh3 37. Ne5 Nxf4 38. Nxc6 g5 39. Kd2 a4
40. Ke3 f5 41. a3 Kf6 42. Ne5 Nd5+ 43. Kf2 Nc3 44. Ke3 Ke6 45. Kd3 Nb5 46. Kc4
Nxa3+ 47. Kc5 Nc2 48. d5+ Kxe5 49. d6 Ke6 50. Kc6 Nd4+ 51. Kc7 Nb5+ 0-1

[Event "Memorial Perezzani torneo A"]
[Site "?"]
[Date "2018.04.14"]
[Round "2.8"]
[White "Bordignon, Angelo"]
[Black "Pieropan, Giorgio"]
[Result "0-1"]
[WhiteElo "1992"]
[BlackElo "1839"]
[PlyCount "129"]
[EventDate "2018.??.??"]

1. d4 d5 2. c4 c6 3. Nc3 Nf6 4. cxd5 cxd5 5. f3 e6 6. Bg5 Be7 7. e3 Nc6 8. Bd3
h6 9. Bh4 a6 10. Bf2 Qb6 11. Nge2 Bd7 12. O-O Rc8 13. h3 Na5 14. Rb1 Nc4 15. e4
O-O 16. e5 Ne8 17. b3 Na5 18. f4 f5 19. g4 g6 20. Kh2 Kh7 21. Rg1 Ng7 22. Rg2
Rg8 23. Qg1 Qd8 24. Rf1 Bh4 25. Be3 Be7 26. Nd1 Qe8 27. Qf2 Qd8 28. Rfg1 Be8
29. Bd2 Nc6 30. Ne3 Bf7 31. Bb1 b5 32. Bc3 b4 33. Bb2 Na7 34. Ng3 Bh4 35. Qf3
Bxg3+ 36. Rxg3 Qe7 37. Qg2 Nb5 38. gxf5 Nxf5 39. Ng4 Rg7 40. Nf6+ Kh8 41. Bxf5
exf5 42. Nxd5 Qh4 43. Ne3 Qxf4 44. d5 Nc3 45. e6 Be8 46. Rf1 Qe5 47. Nc4 Qd4
48. Nd6 Rd8 49. Nxe8 Rxe8 50. Rc1 Rc8 51. Qf3 f4 52. Rg2 Kh7 53. Rgc2 Rgc7 54.
h4 Rc5 55. e7 Qf6 56. Kh3 Qf5+ 57. Kg2 Rxd5 58. Bxc3 bxc3 59. Rxc3 Rd2+ 60. Kg1
Rxc3 61. Rxc3 Qb1+ 62. Qf1 Rd1 63. e8=Q Rxf1+ 64. Kg2 Rg1+ 65. Kh3 0-1

[Event "Memorial Perezzani torneo A"]
[Site "?"]
[Date "2018.04.14"]
[Round "2.9"]
[White "Rigo, Gianfrancesco"]
[Black "Valtemara, Mattia Angelo"]
[Result "1-0"]
[WhiteElo "1971"]
[BlackElo "1896"]
[PlyCount "51"]
[EventDate "2018.??.??"]

1. Nf3 d5 2. b3 Nf6 3. Bb2 Bf5 4. e3 e6 5. Be2 h6 6. O-O Be7 7. Ne5 Nbd7 8. f4
Nxe5 9. fxe5 Nd7 10. c4 c6 11. d4 O-O 12. Nc3 Bg6 13. Bd3 Bxd3 14. Qxd3 dxc4
15. bxc4 Nxe5 16. Qe2 Ng6 17. Ne4 Qc7 18. Qh5 Rac8 19. Rad1 Kh7 20. Rf3 f5 21.
Rg3 Nh8 22. d5 e5 23. d6 Bxd6 24. Ng5+ Kg8 25. Ne6 Qe7 26. Rxg7+ 1-0

[Event "Memorial Perezzani torneo A"]
[Site "?"]
[Date "2018.04.14"]
[Round "2.10"]
[White "Giuriato, Sergio"]
[Black "Ghiotto, Marco Luigi"]
[Result "0-1"]
[WhiteElo "1908"]
[BlackElo "1943"]
[PlyCount "98"]
[EventDate "2018.??.??"]

1. d4 d5 2. c4 c6 3. Nf3 Nf6 4. e3 e6 5. b3 Be7 6. Bb2 O-O 7. Nc3 b6 8. Bd3 Bb7
9. O-O Nbd7 10. Ne5 Nxe5 11. dxe5 Nd7 12. f4 Nc5 13. Bc2 dxc4 14. Qh5 g6 15.
Qe2 cxb3 16. Rfd1 Qc7 17. axb3 a5 18. Qg4 Rfd8 19. h4 Rxd1+ 20. Rxd1 Rd8 21.
Rd4 Kg7 22. h5 Ba6 23. hxg6 hxg6 24. Ne4 Nxe4 25. Bxe4 Bc5 26. f5 exf5 27. Bxf5
Bxd4 28. exd4 Bc8 29. e6 Rd5 30. e7 Bxf5 31. e8=N+ Kf8 32. Nxc7 Bxg4 33. Ba3+
Kg7 34. Nxd5 cxd5 35. Bd6 Bd1 36. Bc7 b5 37. Bxa5 Bxb3 38. Kf2 Kf6 39. Ke3 Kf5
40. Bc7 Bc4 41. Bd6 Bf1 42. Kf2 Bxg2 43. Kxg2 Ke4 44. Bc5 Kd3 45. Kf3 Kc3 46.
Kf4 f6 47. Be7 b4 48. Bxf6 b3 49. Be7 b2 0-1

[Event "Memorial Perezzani torneo A"]
[Site "?"]
[Date "2018.04.14"]
[Round "2.11"]
[White "Cappelletto, Joshuaede"]
[Black "Dalla Vecchia, Paolo"]
[Result "1-0"]
[WhiteElo "1822"]
[BlackElo "1890"]
[PlyCount "67"]
[EventDate "2018.??.??"]

1. e4 e6 2. d4 d5 3. e5 c5 4. c3 Nc6 5. Nf3 Qb6 6. a3 c4 7. Be2 f6 8. exf6 Nxf6
9. O-O Bd6 10. Nbd2 O-O 11. Re1 Bd7 12. b3 cxb3 13. Rb1 Rae8 14. c4 Nxd4 15.
Nxd4 Qxd4 16. Bb2 Qf4 17. Nf3 Ne4 18. Qd4 Qf7 19. cxd5 exd5 20. Rbc1 b6 21. Qd1
Bc5 22. Bd4 Ba4 23. Rb1 b5 24. Bxc5 Nxc5 25. Qd4 Ne4 26. Bd3 Rc8 27. Rb2 Nf6
28. Rbe2 Rfe8 29. Ne5 Qc7 30. Re3 Qc5 31. Qf4 Rf8 32. Qf5 Ne4 33. Qe6+ Kh8 34.
Ng6+ 1-0

[Event "Memorial Perezzani torneo A"]
[Site "?"]
[Date "2018.04.14"]
[Round "2.12"]
[White "Peloni, Davide"]
[Black "Gonzales, Guillermo"]
[Result "0-1"]
[WhiteElo "1843"]
[BlackElo "1911"]
[PlyCount "84"]
[EventDate "2018.??.??"]

1. e4 Nf6 2. Nc3 d5 3. e5 d4 4. exf6 dxc3 5. bxc3 exf6 6. d4 Qd5 7. Bd3 c5 8.
Qe2+ Be7 9. Nf3 Nc6 10. O-O O-O 11. Be4 Qd8 12. Qd3 f5 13. Bxc6 bxc6 14. Ne5
Qd5 15. Bf4 cxd4 16. cxd4 Rd8 17. Rad1 c5 18. c3 cxd4 19. Qxd4 Qa5 20. Qe3 Bb7
21. Rd7 Rxd7 22. Nxd7 Qd5 23. Nf6+ Bxf6 24. f3 g6 25. Bh6 Bg7 26. Bxg7 Kxg7 27.
h4 Rc8 28. Qxa7 Qc5+ 29. Qxc5 Rxc5 30. Rc1 Bd5 31. Rc2 Bc4 32. Kf2 Ra5 33. Ke3
Rxa2 34. Rxa2 Bxa2 35. Kd4 Kf6 36. f4 Ke7 37. Kc5 Kd7 38. g3 Be6 39. c4 Kc7 40.
Kd4 Kd6 41. c5+ Kc6 42. h5 f6 0-1

[Event "Memorial Perezzani torneo A"]
[Site "?"]
[Date "2018.04.14"]
[Round "3.4"]
[White "Malni, Riccardo"]
[Black "Oppici, Gabriele"]
[Result "0-1"]
[WhiteElo "1945"]
[BlackElo "1955"]
[PlyCount "108"]
[EventDate "2018.??.??"]

1. Nf3 d6 2. g3 e5 3. d3 g6 4. Bg2 Bg7 5. O-O f5 6. c4 Nf6 7. Nc3 O-O 8. Qb3
Kh8 9. c5 Nc6 10. cxd6 cxd6 11. e3 Qe7 12. Bd2 Be6 13. Qa3 h6 14. Rac1 g5 15.
Ne2 Qd7 16. b4 a6 17. Rb1 Nh5 18. Rfc1 f4 19. exf4 Bg4 20. Nc3 exf4 21. Ne1
fxg3 22. fxg3 Bd4+ 23. Kh1 Qf5 24. Nc2 Qxd3 25. Ne4 Qxa3 26. Nxa3 d5 27. Nc5
Rf2 28. Bc3 Rxa2 29. Bxd4+ Nxd4 30. Ra1 Rxa1 31. Rxa1 Rf8 32. Bxd5 Rf2 33. Kg1
Rd2 34. Bxb7 Nf3+ 35. Bxf3 Bxf3 36. Nc4 Rg2+ 37. Kf1 Rxh2 38. Rxa6 Nxg3+ 39.
Ke1 Re2+ 40. Kd1 Re4+ 41. Kd2 Rxc4 42. Rxh6+ Kg7 43. Rh3 Ne4+ 44. Nxe4 Bxe4 45.
Rb3 Kf6 46. b5 Bb7 47. b6 g4 48. Ke3 g3 49. Rb1 g2 50. Kf2 Kg5 51. Kg3 Rc3+ 52.
Kf2 Rf3+ 53. Kg1 Rh3 54. Rb4 Kf6 0-1

[Event "Memorial Perezzani torneo A"]
[Site "?"]
[Date "2018.04.14"]
[Round "3.5"]
[White "Pieropan, Giorgio"]
[Black "Mastroddi, Emiliano"]
[Result "0-1"]
[WhiteElo "1839"]
[BlackElo "1996"]
[PlyCount "68"]
[EventDate "2018.??.??"]

1. e4 c5 2. Nf3 d6 3. Bb5+ Bd7 4. Bxd7+ Qxd7 5. O-O Nc6 6. c3 Nf6 7. Re1 g6 8.
d4 cxd4 9. cxd4 Bg7 10. Nc3 O-O 11. Bg5 e6 12. Qa4 d5 13. Rad1 Nxe4 14. Nxe4
dxe4 15. Rxe4 Qd5 16. Rde1 b5 17. Qb3 Qxb3 18. axb3 h6 19. Bf4 Rfd8 20. Kf1
Nxd4 21. Nxd4 Rxd4 22. Rxd4 Bxd4 23. Bxh6 Bxb2 24. Re2 Bf6 25. Be3 a5 26. Ra2
a4 27. Ke2 Kg7 28. Kd3 Rd8+ 29. Kc2 Rc8+ 30. Kb1 axb3 31. Ra5 b4 32. Rb5 Ra8
33. Kc1 Ra1+ 34. Kd2 Bc3+ 0-1

[Event "Memorial Perezzani torneo A"]
[Site "?"]
[Date "2018.04.14"]
[Round "3.6"]
[White "Litrico, Paolo"]
[Black "Rigo, Gianfrancesco"]
[Result "0-1"]
[WhiteElo "1880"]
[BlackElo "1971"]
[PlyCount "77"]
[EventDate "2018.??.??"]

1. d4 Nf6 2. Nf3 b6 3. Bf4 Bb7 4. Nbd2 e6 5. e3 Be7 6. h3 d6 7. Bd3 c5 8. c3
Nc6 9. Qe2 a6 10. Rc1 d5 11. Ne5 b5 12. Bg3 Rc8 13. O-O O-O 14. f4 Qb6 15. Bh4
Rfd8 16. Bxf6 Bxf6 17. Bxh7+ Kf8 18. Bb1 cxd4 19. exd4 Rc7 20. Ndf3 Rdc8 21.
Nxc6 Bxc6 22. Ne5 Be8 23. Nd3 a5 24. a3 b4 25. axb4 axb4 26. Nxb4 Bxd4+ 27. Kh1
Be3 28. Rce1 d4 29. Bd3 Qd6 30. Nc2 Bxf4 31. Nxd4 Bg3 32. Rd1 Re7 33. Qf3 Be5
34. Be4 Qb6 35. Rf2 Bb8 36. Bb1 Qc7 37. g4 e5 38. Nf5 e4 39. Bxe4 0-1

[Event "Memorial Perezzani torneo A"]
[Site "?"]
[Date "2018.04.14"]
[Round "3.8"]
[White "Ghiotto, Marco Luigi"]
[Black "Ferrara, Pietro"]
[Result "1/2-1/2"]
[WhiteElo "1943"]
[BlackElo "1886"]
[PlyCount "84"]
[EventDate "2018.??.??"]

1. d4 d5 2. c4 e5 3. dxe5 d4 4. Nf3 Nc6 5. Bf4 Be6 6. Nbd2 Bc5 7. a3 a5 8. Rc1
Nge7 9. Ne4 Ba7 10. Qd2 Bf5 11. Ng3 Qd7 12. Nxf5 Qxf5 13. e6 fxe6 14. Bxc7 e5
15. Qg5 Qxg5 16. Nxg5 O-O 17. g3 Nf5 18. Bg2 Bc5 19. Bd5+ Kh8 20. Nf7+ Rxf7 21.
Bxf7 b6 22. Be6 Nfe7 23. f4 e4 24. Be5 Nxe5 25. fxe5 Re8 26. Bd7 Rd8 27. Bb5
Ng6 28. Bc6 e3 29. e6 Ne5 30. Be4 Re8 31. h3 Rxe6 32. Rf1 Rf6 33. Rxf6 gxf6 34.
Kf1 Kg7 35. Kg2 Nf7 36. Bd3 Ng5 37. Rf1 h6 38. Rf4 Kf7 39. Rf5 Ke6 40. h4 Nf7
41. Kf3 Ne5+ 42. Rxe5+ Kxe5 1/2-1/2

[Event "Memorial Perezzani torneo A"]
[Site "?"]
[Date "2018.04.14"]
[Round "3.9"]
[White "Marin, Alessandro"]
[Black "Goldoni, Claudio"]
[Result "1-0"]
[WhiteElo "1993"]
[BlackElo "1943"]
[PlyCount "71"]
[EventDate "2018.??.??"]

1. e4 e5 2. Nf3 Nc6 3. d4 exd4 4. c3 d5 5. Bb5 dxe4 6. Nxd4 Bd7 7. Bxc6 Bxc6 8.
O-O Nf6 9. Qe2 Qd5 10. Be3 Be7 11. c4 Qd7 12. Nc3 O-O 13. h3 a6 14. Rad1 Qe8
15. Nf5 Bb4 16. Bd4 Qe6 17. Ne3 Rad8 18. Bxf6 gxf6 19. Ncd5 Bxd5 20. cxd5 Qe5
21. Ng4 Qf4 22. Rd4 Bd6 23. Rxe4 Qg5 24. f4 Qg7 25. f5 Kh8 26. Qd2 c6 27. Nh6
Qg3 28. Ng4 Qh4 29. Kh1 Be5 30. Rf3 Rxd5 31. Qb4 c5 32. Qe1 Qxe1+ 33. Rxe1 b5
34. Ra3 Ra8 35. Nxe5 fxe5 36. f6 1-0

[Event "Memorial Perezzani torneo A"]
[Site "?"]
[Date "2018.04.14"]
[Round "3.10"]
[White "Valtemara, Mattia Angelo"]
[Black "Bordignon, Angelo"]
[Result "0-1"]
[WhiteElo "1896"]
[BlackElo "1992"]
[PlyCount "102"]
[EventDate "2018.??.??"]

1. e4 d6 2. d4 Nf6 3. Nc3 g6 4. f4 Bg7 5. Nf3 O-O 6. Bd3 Nc6 7. O-O e5 8. d5
Ne7 9. fxe5 dxe5 10. Bg5 Ne8 11. Qe1 f6 12. Bh4 Nd6 13. Nb5 Nxb5 14. Bxb5 Qd6
15. Kh1 Kh8 16. c4 c5 17. dxc6 bxc6 18. Ba4 c5 19. Rd1 Qc7 20. Qe3 Be6 21. b3
Rad8 22. Bf2 Rc8 23. Ne1 Bg4 24. Rd2 Ng8 25. Rb2 Bh6 26. Qc3 Rfd8 27. h3 Be6
28. Nd3 Qe7 29. Rd1 f5 30. Rbb1 Bg7 31. Qa5 fxe4 32. Nxc5 Bf5 33. Be3 Nf6 34.
Na6 Rd3 35. Bc5 Qd8 36. Qxd8+ Rcxd8 37. Re1 e3 38. Rbc1 e2 39. Rxe2 Nh5 40. Kg1
Nf4 41. Rf2 Rd1+ 42. Rxd1 Rxd1+ 43. Kh2 Nd3 44. Re2 e4 45. Be3 Be5+ 46. g3 Ne1
47. Bf4 Nf3+ 48. Kg2 Bd4 49. Be3 Bxe3 50. Rxe3 Rd2+ 51. Kf1 Bxh3# 0-1

[Event "Memorial Perezzani torneo A"]
[Site "?"]
[Date "2018.04.14"]
[Round "3.11"]
[White "Dalla Vecchia, Paolo"]
[Black "Giuriato, Sergio"]
[Result "0-1"]
[WhiteElo "1890"]
[BlackElo "1908"]
[PlyCount "94"]
[EventDate "2018.??.??"]

1. d4 Nf6 2. Nf3 d5 3. c4 e6 4. Nc3 Be7 5. Bf4 O-O 6. e3 b6 7. Bd3 Bb7 8. O-O
dxc4 9. Bxc4 c5 10. Qe2 cxd4 11. Nxd4 Nc6 12. Ndb5 e5 13. Rfd1 Qc8 14. Bg5 Na5
15. Bxf6 Bxf6 16. Nd6 Qc7 17. Ncb5 Qe7 18. Bxf7+ Rxf7 19. Nxf7 Qxf7 20. Nd6 Qe6
21. e4 Rd8 22. Nxb7 Nxb7 23. Qa6 Qc6 24. Qxa7 Rxd1+ 25. Rxd1 Nc5 26. Qb8+ Kf7
27. f3 Ne6 28. Qd6 Qxd6 29. Rxd6 Be7 30. Rd5 Bc5+ 31. Kf1 Bd4 32. b4 Ke7 33.
Ke2 Nf4+ 34. Kd2 Nxd5 35. exd5 Kd6 36. a4 Kxd5 37. Kd3 Bg1 38. h4 h5 39. a5 b5
40. a6 g6 41. g4 hxg4 42. fxg4 e4+ 43. Ke2 Kc6 44. h5 gxh5 45. gxh5 Kb6 46. h6
Kxa6 47. h7 Bd4 0-1

[Event "Memorial Perezzani torneo A"]
[Site "?"]
[Date "2018.04.15"]
[Round "4.3"]
[White "Mastroddi, Emiliano"]
[Black "Cappelletto, Joshuaede"]
[Result "1/2-1/2"]
[WhiteElo "1996"]
[BlackElo "1922"]
[PlyCount "34"]
[EventDate "2018.??.??"]

1. d4 Nf6 2. Bf4 g6 3. Nc3 Bg7 4. Qd2 a6 5. Bh6 O-O 6. Bxg7 Kxg7 7. e4 d6 8.
O-O-O b5 9. f3 Bb7 10. h4 h5 11. g4 Nbd7 12. gxh5 Nxh5 13. Bh3 e6 14. Nge2 Qf6
15. Bg4 Rh8 16. Rdg1 Nb6 17. Qg5 Qxg5+ 1/2-1/2

[Event "Memorial Perezzani torneo A"]
[Site "?"]
[Date "2018.04.15"]
[Round "4.4"]
[White "Rigo, Gianfrancesco"]
[Black "Pasin, Mattia"]
[Result "1-0"]
[WhiteElo "1971"]
[BlackElo "1790"]
[PlyCount "97"]
[EventDate "2018.??.??"]

1. b3 d5 2. Bb2 c5 3. Nf3 Nc6 4. e3 Bg4 5. h3 Bh5 6. Bb5 e6 7. g4 Bg6 8. Ne5
Qc7 9. Bxc6+ bxc6 10. d3 Bd6 11. Nxg6 hxg6 12. Bxg7 Rh7 13. Bb2 Nh6 14. Qf3 f5
15. Nd2 O-O-O 16. O-O-O Be5 17. d4 cxd4 18. exd4 Bf4 19. Kb1 Rdh8 20. Qe2 Nxg4
21. Nf3 Rxh3 22. Rxh3 Rxh3 23. Qxe6+ Qd7 24. Qe2 Kd8 25. Re1 Rh8 26. Bc3 Nf6
27. Ba5+ Kc8 28. Qe6 Qxe6 29. Rxe6 c5 30. Rxf6 cxd4 31. Rxg6 Rh3 32. Nxd4 Rh1+
33. Kb2 Rd1 34. Ne2 Be5+ 35. Bc3 d4 36. Bxd4 Bxd4+ 37. Nxd4 Rxd4 38. Rf6 Rf4
39. Kc3 Rxf2 40. Rf7 Kb8 41. a4 f4 42. Kd3 a5 43. c3 f3 44. Rf5 Kc7 45. Rxa5
Rb2 46. Kc4 Kd6 47. Rf5 f2 48. a5 Ke6 49. Rf8 {seguito della partita
irricostruibile} 1-0

[Event "Memorial Perezzani torneo A"]
[Site "?"]
[Date "2018.04.15"]
[Round "4.6"]
[White "Scarsella, Lorenzo Luigi"]
[Black "Marin, Alessandro"]
[Result "1-0"]
[WhiteElo "1878"]
[BlackElo "1993"]
[PlyCount "85"]
[EventDate "2018.??.??"]

1. d4 d5 2. Nf3 Nf6 3. Bg5 e6 4. e3 Be7 5. Bd3 Nbd7 6. Nbd2 h6 7. Bh4 c5 8. c3
c4 9. Be2 O-O 10. O-O b5 11. Ne5 Nxe5 12. dxe5 Nd7 13. Bg3 Qb6 14. Nf3 a5 15.
Nd4 Nc5 16. Qc2 Bd7 17. f4 Ne4 18. Bf3 f5 19. exf6 Nxf6 20. Kh1 Rad8 21. Rad1
Bd6 22. Bh4 Rde8 23. Qg6 Re7 24. e4 Be8 25. Qg3 dxe4 26. Bxf6 Rxf6 27. Bxe4 Qb8
28. Ne2 Bh5 29. Bf3 Bg6 30. Bg4 Bd3 31. Rxd3 cxd3 32. Qxd3 Bxf4 33. g3 Bg5 34.
Rxf6 Bxf6 35. Nf4 Qe8 36. Qd6 Bg5 37. Nxe6 Qa8+ 38. Kg1 Be3+ 39. Kf1 Rf7+ 40.
Ke2 Qe8 41. Kxe3 Rd7 42. Qe5 Qg6 43. Qb8+ 1-0

[Event "Memorial Perezzani torneo A"]
[Site "?"]
[Date "2018.04.15"]
[Round "4.7"]
[White "Pieropan, Giorgio"]
[Black "Malni, Riccardo"]
[Result "1/2-1/2"]
[WhiteElo "1839"]
[BlackElo "1945"]
[PlyCount "141"]
[EventDate "2018.??.??"]

1. e4 c6 2. d4 d5 3. Nc3 dxe4 4. Nxe4 Bf5 5. Ng3 Bg6 6. Nf3 Nd7 7. h4 h6 8. h5
Bh7 9. Bf4 e6 10. Bd3 Bxd3 11. Qxd3 Ngf6 12. c3 Be7 13. a4 O-O 14. O-O a5 15.
Rfe1 Qb6 16. Ne5 Nxe5 17. Bxe5 Rad8 18. Qc2 c5 19. Rad1 Ng4 20. d5 Nxe5 21.
Rxe5 Bd6 22. Re3 Bxg3 23. Rxg3 Rxd5 24. Rxd5 exd5 25. Qe2 Qe6 26. Re3 Qf6 27.
Rf3 Qd6 28. Rg3 Qd7 29. Qe3 Qd6 30. Qf3 Qe6 31. Qf4 b6 32. Re3 Qd7 33. Rg3 Kh8
34. Qe5 f6 35. Qf4 Re8 36. Re3 Rxe3 37. fxe3 Qe6 38. g4 Qe5 39. Qf3 d4 40. exd4
cxd4 41. Qd3 dxc3 42. Qd8+ Kh7 43. Qd3+ Kg8 44. bxc3 Qc5+ 45. Kh2 Kf7 46. Qg6+
Kf8 47. Qd3 Ke7 48. Kh3 Ke6 49. Qe4+ Kd6 50. Qd3+ Qd5 51. Qg3+ Kc6 52. Qe3 Qe5
53. Qd3 b5 54. axb5+ Qxb5 55. Qe4+ Qd5 56. Qe8+ Kb6 57. Qe3+ Kb5 58. Qe2+ Ka4
59. Qb2 Qb3 60. Qd2 Ka3 61. Kh4 a4 62. Kg3 Qb2 63. Qd3 Kb3 64. c4+ Ka2 65. Kf3
Qb3 66. Ke4 Qxd3+ 67. Kxd3 Kb3 68. c5 a3 69. c6 a2 70. c7 a1=Q 71. c8=Q 1/2-1/2

[Event "Memorial Perezzani torneo A"]
[Site "?"]
[Date "2018.04.15"]
[Round "4.8"]
[White "Bordignon, Angelo"]
[Black "Ghiotto, Marco Luigi"]
[Result "1-0"]
[WhiteElo "1992"]
[BlackElo "1943"]
[PlyCount "55"]
[EventDate "2018.??.??"]

1. Nf3 d5 2. g3 c5 3. Bg2 Nc6 4. d3 Nf6 5. O-O e6 6. Nbd2 Be7 7. e4 O-O 8. Re1
a6 9. e5 Nd7 10. Nf1 b5 11. h4 Nb6 12. N1h2 Bb7 13. h5 d4 14. Ng4 Qc7 15. h6 g6
16. Bg5 Nd7 17. Bf4 Nb4 18. a3 Nd5 19. Bg5 Rac8 20. Qd2 Rfe8 21. Bxe7 Nxe7 22.
Qg5 Qd8 23. Qd2 Qc7 24. Qe2 Bd5 25. Bh3 Qb6 26. Ng5 a5 27. Qd2 Nc6 28. Qf4 1-0